| 000 | 00416nam a2200145 i 4500 | ||
|---|---|---|---|
| 001 | 65743 | ||
| 003 | ES-MaACL | ||
| 007 | t| | ||
| 008 | 040121s1976 sp ||||1| spa d | ||
| 100 | 1 |
_aFuente, Alvaro de la. _952830 |
|
| 245 | 1 | 0 |
_aToma de razón _b: Chile, 1920-1970 / _cAlvaro de la Fuente. |
| 260 |
_aMadrid : _b[s.n., _c1976] ( _fEosgraf) |
||
| 300 |
_a108 p. ; _c22 cm. |
||
| 852 |
_aES-MaACL _jL-7311 _bR.107013 |
||
| 999 |
_c65743 _d65743 |
||